00954 a2200181 45000010006000000050017000060080041000230030015000640400040000790800053001192450031001720200022002032640044002253000025002695050441002940410008007351000029007436263220260407155919.0260407a1988 arg spa dAR-UNSa-BCEJYS aAR-UNSa-BCEJYSbspacAR-UNSa-BCEJYS a336.02xPolítica financiera. Política fiscal10aPolítica fiscal y dinero a978-950-14-0432-6 1aBuenos Aires :bEdiciones Depalmac1988 axiii, 233 p.c23 cm. a1. El estudio preliminar – 2. De disquisiciones sobre política fiscal, sector público y presupuesto – 3. De la política fiscal y el dinero – 4. Del presupuesto – 5. De los efectos monetarios de la gestión presupuestaria – 6. De la estabilidad monetaria y del equilibrio económico general – 7. De algunas experiencias fiscales y monetarias significativas – 8. De los sistemas de política fiscal intervencionista aspa1 aLascano, Marcelo Ramón